Management theory in action : Real-world lessons for walking the talk
Bridging the divide between management theory and practice is an obstacle for many business school graduates. Management Theory in Action provides, in an easy-to-relate manner, real-life accounts of how actual people have used classroom-taught theories and skills to better understand and perform at...
में बचाया:
| मुख्य लेखक: | |
|---|---|
| स्वरूप: | पुस्तक |
| भाषा: | Undetermined |
| प्रकाशित: |
New York
Palgrave Macmillan
2010
|
| विषय: | |
| टैग : |
टैग जोड़ें
कोई टैग नहीं, इस रिकॉर्ड को टैग करने वाले पहले व्यक्ति बनें!
|
| Thư viện lưu trữ: | Trung tâm Học liệu Trường Đại học Cần Thơ |
|---|
| LEADER | 01084nam a2200217Ia 4500 | ||
|---|---|---|---|
| 001 | CTU_188739 | ||
| 008 | 210402s9999 xx 000 0 und d | ||
| 020 | |c 3313000 | ||
| 082 | |a 658.4001 | ||
| 082 | |b K42 | ||
| 100 | |a Kessler, Eric H. | ||
| 245 | 0 | |a Management theory in action : | |
| 245 | 0 | |b Real-world lessons for walking the talk | |
| 245 | 0 | |c Eric H. Kessler | |
| 260 | |a New York | ||
| 260 | |b Palgrave Macmillan | ||
| 260 | |c 2010 | ||
| 520 | |a Bridging the divide between management theory and practice is an obstacle for many business school graduates. Management Theory in Action provides, in an easy-to-relate manner, real-life accounts of how actual people have used classroom-taught theories and skills to better understand and perform at their jobs. Practical guidelines are included to help the reader use these lessons to become a stronger individual, engage in more effective interactions, and build more productive workplace environments. | ||
| 650 | |a Management,Quản lý | ||
| 910 | |a Hải | ||
| 980 | |a Trung tâm Học liệu Trường Đại học Cần Thơ | ||